000 00398nam a22001217a 4500
008 230619b xxu||||| |||| 00| 0 eng d
082 _a303.64
_bROI
100 _cMinistry of Planning
245 _aMan : The Object of Revolution
_bWhat the people's revolution has done for the masses during the past ten years 1968-1978
260 _aIraq
_bRepublic of Iraq
_c1978
300 _a122p
942 _2ddc
_cBK
999 _c1337
_d1337